Les Pokémon de couleur Rouge - Statistiques

Statistiques générales
  • Ce quiz a été pris 10 fois
  • Le résultat moyen est 54 sur 125
Statistiques - réponses
Nom % Correct
0006 Dracaufeu
100%
0006 Méga-Dracaufeu Y
100%
0005 Reptincel
100%
0004 Salamèche
100%
0257 Braségali
80%
0323 Camérupt
80%
0256 Galifeu
80%
0218 Limagma
80%
0240 Magby
80%
0129 Magicarpe
80%
0126 Magmar
80%
0257 Méga-Braségali
80%
0323 Méga-Camérupt
80%
0500 Méga-Roitiflam
80%
0118 Poissirène
80%
0119 Poissoroy
80%
0255 Poussifeu
80%
0136 Pyroli
80%
0500 Roitiflam
80%
0146 Sulfura de Galar
80%
0662 Braisillon
60%
0308 Charmina
60%
0265 Chenipotte
60%
0212 Cizayox
60%
0555 Darumacho Mode Normal
60%
0554 Darumarond
60%
0725 Flamiaou
60%
0499 Grotichon
60%
0383 Groudon
60%
0498 Gruikui
60%
0250 Ho-Oh
60%
0099 Krabboss
60%
0098 Krabby
60%
0467 Maganon
60%
0308 Méga-Charmina
60%
0212 Méga-Cizayox
60%
0046 Paras
60%
0661 Passerouge
60%
0741 Plumeline Style Flamenco
60%
0383 Primo-Groudon
60%
0338 Solaroc
60%
0219 Volcaropod
60%
0193 Yanma
60%
1004 Yuyu
60%
0631 Aflamanoir
40%
0560 Baggaïd
40%
0225 Cadoizo
40%
0318 Carvanha
40%
0413 Cheniselle Cape Déchet
40%
0909 Chochodile
40%
0342 Colhomard
40%
0165 Coxy
40%
0166 Coxyclaque
40%
0910 Crocogril
40%
0341 Écrapince
40%
0101 Électrode
40%
0101 Électrode de Hisui
40%
0727 Félinferno
40%
0653 Feunnec
40%
0663 Flambusard
40%
0911 Flâmigator
40%
0655 Goupelin
40%
0380 Latias
40%
0124 Lippoutou
40%
0745 Lougaroc Forme Nocturne
40%
0726 Matoufeu
40%
0655 Méga-Goupelin
40%
0168 Migalos
40%
0224 Octillery
40%
1017 Ogerpon Masque du Fourneau
40%
0047 Parasect
40%
0233 Porygon2
40%
0045 Rafflesia
40%
0654 Roussil
40%
0100 Voltorbe
40%
0100 Voltorbe de Hisui
40%
0717 Yveltal
40%
0889 Zamazenta
40%
0826 Astronelle
20%
0776 Boumata
20%
0545 Brutapode
20%
0936 Carmadura
20%
0935 Charbambin
20%
0412 Cheniti Cape Déchet
20%
0558 Crabaraque
20%
0557 Crabicoque
20%
0950 Craparoi
20%
0401 Crikzik
20%
0553 Crocorible
20%
0386 Deoxys
20%
0621 Drakkarmin
20%
0616 Escargaume
20%
0513 Flamajou
20%
0514 Flamoutan
20%
0850 Grillepattes
20%
0628 Gueriaigle
20%
0991 Hotte-de-Fer
20%
0538 Judokrak
20%
1007 Koraidon
20%
0617 Limaspeed
20%
0801 Magearna Couleur du Passé
20%
0801 Méga-Magearna
20%
0801 Méga-Magearna Couleur du Passé
20%
0978 Méga-Nigirigon Forme Courbée
20%
0402 Mélokrik
20%
0774 Météno Noyau Orange
20%
0774 Météno Noyau Rouge
20%
0999 Mordudor Forme Coffre
20%
0351 Morphéo Forme Solaire
20%
0479 Motisma
20%
0794 Mouscoto
20%
0978 Nigirigon Forme Courbée
20%
0474 Porygon-Z
20%
0666 Prismillon Motif Métropole
20%
0666 Prismillon Motif Poké Ball
20%
0666 Prismillon Motif Soleil Levant
20%
0666 Prismillon Motif Zénith
20%
0697 Rexillius
20%
0624 Scalpion
20%
0625 Scalproie
20%
0851 Scolocendre
20%
0787 Tokotoro
20%
0961 Triopikeau
20%
0543 Venipatte
20%
0585 Vivaldaim Forme Automne
20%
Aucun quiz correspondant
Distribution des résultats
% des personnes avec chaque résultat
Percentile par nombre de réponses
Votre historique - résultats
Vous n’avez pas pris ce quiz